Welcome to CU Library Online Public Access Catalogue (OPAC)

Dr. Neruda's cure for evil / (Record no. 9654)

MARC details
000 -LEADER
fixed length control field 00588cam a2200205 a 4500
001 - CONTROL NUMBER
control field 2562552
005 - DATE AND TIME OF LATEST TRANSACTION
control field 20260424152424.0
008 - FIXED-LENGTH DATA ELEMENTS--GENERAL INFORMATION
fixed length control field 951023s1996 nyu 000 1 eng
020 ## - INTERNATIONAL STANDARD BOOK NUMBER
International Standard Book Number 0446520055
020 ## - INTERNATIONAL STANDARD BOOK NUMBER
International Standard Book Number 9780446520058
050 00 - LIBRARY OF CONGRESS CALL NUMBER
Classification number PS3575.G53
Item number D7 1996
082 00 - DEWEY DECIMAL CLASSIFICATION NUMBER
Classification number 813/.54
Edition information 20
100 1# - MAIN ENTRY--PERSONAL NAME
Personal name Yglesias, Rafael,
Dates associated with a name 1954-
245 10 - TITLE STATEMENT
Title Dr. Neruda's cure for evil /
Statement of responsibility, etc. Rafael Yglesias.
260 ## - PUBLICATION, DISTRIBUTION, ETC.
Place of publication, distribution, etc. New York, NY :
Name of publisher, distributor, etc. Warner Books,
Date of publication, distribution, etc. c1996.
300 ## - PHYSICAL DESCRIPTION
Extent 694 p. ;
Dimensions 24 cm.
650 #0 - SUBJECT ADDED ENTRY--TOPICAL TERM
Topical term or geographic name entry element Psychotherapist and patient
General subdivision Fiction.
650 #0 - SUBJECT ADDED ENTRY--TOPICAL TERM
Topical term or geographic name entry element Psychiatrists
General subdivision Fiction.
942 ## - ADDED ENTRY ELEMENTS (KOHA)
Source of classification or shelving scheme Library of Congress Classification
Koha item type Books
Suppress in OPAC No
999 ## -
-- 9654
-- 9654
Holdings
Withdrawn status Lost status Source of classification or shelving scheme Damaged status Not for loan Collection Home library Current library Shelving location Date acquired Total checkouts Full call number Barcode Date last seen Copy number Price effective from Koha item type
    Library of Congress Classification     Non-fiction Business Library (Miotso) Business Library (Miotso) General stacks 03/27/2026   PS3575.G53 D7 1996 BSSM00003896 04/24/2026 1 03/27/2026 Books
© 2023-2024 Copyright: Central University Libraries. All Rights Reserved | Created by: Mahone Tech Office